Global macroeconomics (Record no. 44681)

MARC details
000 -LEADER
fixed length control field 00592nam a2200157 a 4500
008 - FIXED-LENGTH DATA ELEMENTS--GENERAL INFORMATION
fixed length control field 120416s1987 ||||||||||||||||| || u
050 ## - LIBRARY OF CONGRESS CALL NUMBER
Classification number HB 172.5 Glo
100 ## - MAIN ENTRY--PERSONAL NAME
Personal name Bryant, Ralph C
245 10 - TITLE STATEMENT
Title Global macroeconomics
Statement of responsibility, etc. edited by Ralph C. Bryant
246 ## - VARYING FORM OF TITLE
Title proper/short title policy conflict and cooperation
260 ## - PUBLICATION, DISTRIBUTION, ETC.
Place of publication, distribution, etc. London
Name of publisher, distributor, etc. MacMillan Press
Date of publication, distribution, etc. 1987
300 ## - PHYSICAL DESCRIPTION
Extent xix, 347p. : ill.
350 ## - PRICE (NR) (BK AM CF MU VM SE) [OBSOLETE]
Price 0.00
700 ## - ADDED ENTRY--PERSONAL NAME
Personal name Portes, Richard
995 ## - RECOMMENDATION 995 [LOCAL, UNIMARC FRANCE]
-- 0.00
-- CBU-MAIN LIBRARY (Kitwe)
-- 1
-- 15.95
-- 1
-- AVAILABLE
-- Oct 17, 2006
-- Annex Low-Usage Collection
Holdings
Withdrawn status Lost status Source of classification or shelving scheme Damaged status Not for loan Home library Current library Shelving location Date acquired Total Checkouts Full call number Barcode Date last seen Price effective from Koha item type
          CBU-MAIN LIBRARY, KITWE. CBU-MAIN LIBRARY, KITWE.   11/30/2022   HB 172.5 Glo 002139 11/30/2022 11/30/2022 MONOGRAPH